[Event "Club Championships"]
[Site "Wellington Chess Club"]
[Date "2014.11.13"]
[Round "8"]
[White "Coghini, Phillip"]
[Black "Lamerton, Troy"]
[Result "0-1"]
[WhiteElo "1747"]
[BlackElo "1731"]

1. d4 d5 2. c4 c6 3. cxd5 cxd5 4. Bf4 Nc6 5. Nf3 Nf6 6. Nc3 Bf5 7. a3 e6 8. e3
Be7 9. Be2 O-O 10. O-O Nd7 11. Rc1 Rc8 12. Re1 Bg6 13. b4 a6 14. Bg3 b5 15. Qb3
Nb6 16. Nd2 Nc4 17. Nxc4 bxc4 18. Qa4 Qb6 19. Red1 Ra8 20. Rd2 a5 21. b5
{#Diagram} 21... Nb4 $1 {Black starts a series of purposeful attacking moves}
22. Ra1 Nd3 23. Kf1 Rfc8 24. Bd1 Ra7 25. Ke2 Bh5+ 26. f3 Bd6 27. Bxd6 Qxd6 28.
g3 e5 $1 {Thematically opening the position to exploit White's weakened
kingside} 29. b6 Qf6 $1 {Black ignores the attack on the rook, and spends the
rest of the game having a lot of fun I'm sure.} 30. g4 Bxg4 31. Kf1 Bh3+ 32.
Kg1 Qg5+ 33. Kh1 Qxe3 34. Be2 Rd7 35. Bf1 Qxd2 36. Bxh3 Nf2+ 37. Kg2 Nxh3+ 38.
Kxh3 Rd6 39. b7 Rh6+ 0-1

[Event "Club Championships"]
[Site "Wellington Chess Club"]
[Date "2014.11.13"]
[Round "8"]
[White "Collings, Alex"]
[Black "Scarlett, William"]
[Result "0-1"]
[WhiteElo "1203"]
[BlackElo "1255"]

1. e4 c6 2. c4 e6 3. Nc3 d5 4. d3 dxe4 5. Nxe4 f5 6. Nc3 Bb4 7. a3 Bxc3+ 8.
bxc3 Nf6 9. Be2 O-O 10. Nf3 Nbd7 11. O-O b5 12. cxb5 cxb5 13. h3 Bb7 14. Nd4
Qa5 15. Nxe6 Rfe8 16. Nf4 Qxc3 17. Bd2 Qe5 18. Re1 Qd6 19. Rb1 Qc6 20. Bf3
Rxe1+ 21. Qxe1 Qb6 22. Bxb7 Qxb7 23. Qe6+ Kh8 24. a4 Nc5 25. Rxb5 Qxb5 26. axb5
Nxe6 27. Nxe6 Rb8 28. Nc7 h6 29. Bc3 Rb7 30. Be5 Nd7 31. Bf4 g5 32. Be3 {Black
won soon} 0-1

[Event "Club Championships"]
[Site "Wellington Chess Club"]
[Date "2014.11.13"]
[Round "8"]
[White "Forster, Bill"]
[Black "Stone, Andrew"]
[Result "1-0"]
[WhiteElo "2081"]
[BlackElo "2058"]

{Forster-Stone suddenly burst into life after a quiet positional beginning. Can
I say Andrew forced me to sacrifice my Queen, or is that just the same thing as
Andrew winning my Queen ?} 1. Nf3 d6 2. d4 f5 3. c4 Nf6 4. Nc3 g6 5. g3 Bg7 6.
Bg2 O-O 7. O-O c6 8. Re1 Ne4 9. Qc2 d5 10. Bf4 e6 11. Rad1 Nd7 12. Ne5 Nxe5 13.
Bxe5 Bxe5 14. dxe5 Qc7 15. f4 Qf7 16. Bxe4 fxe4 17. e3 Bd7 18. Rd2 b5 19. c5 b4
20. Ne2 Bc8 21. Qa4 g5 22. Qxc6 Bd7 23. Qd6 Rac8 24. Nd4 gxf4 25. exf4 Rfd8 26.
Rc1 {#Diagram I have been willing to embed my Queen in Black's position on the
basis that hopefully the cavalry would arrive before Black could organise his
pieces well enough to trap the queen. Now that I am threatening c6 winning
material AND bringing my rooks powerfully into the game - I was confident my
judgement had been vindicated.} 26... e3 $5 {Fortunately when this move arrived
on the board I had time for one more decent think. During this time I went
through the full gamut of chess emotions. My first thought was that the move is
crazy, the advanced pawn becomes hopelessly weak and can't survive. Then I saw
Andrew's devious idea and became depressed - if I move my rook to any sensible
square, I give the bishop the opportunity to make a useful discovery by hitting
the rook. This will mean I won't have time to capture on e6 - something I'd
been relying on to keep my Queen alive. Finally I realised that in this
position losing my Queen was actually a good thing - it works fine as a
sacrifice. So the ! in !? is for winning the Queen. The ? is because winning
the Queen loses the game. And the ! comes ahead of the ? as a tribute to
Andrew's resourcefulness (and because he was lost anyway).} 27. Re2 Bb5 ( {The
comp recommends an exchange sac. After} 27... Bc6 28. Qxe6 Qxe6 29. Nxe6 d4 30.
Nxd8 Rxd8 {White should win} ) 28. Nxb5 $1 Rxd6 29. exd6 $1 {Much better than
the superficially appealing Nxd6, since the fork is a chimera whereas the
advanced connected passers are monstrous } 29... Rc6 $2 {Black can't really
hope to survive here - the pawns are going to cost him his rook. But this idea
hastens the end} 30. Nd4 Qh5 $2 {This is the idea Black is hoping for a rook
exchange and then some counterplay with a strong Queen and advanced pawn.
Unfortunately I can simply capture the advanced pawn first - but just in time I
saw an even better move } 31. d7 $1 {There is no way back for the Queen so
unusually White gets a new Queen in broad daylight.} 1-0

[Event "Club Championships"]
[Site "Wellington Chess Club"]
[Date "2014.11.13"]
[Round "8"]
[White "Jackson, Ross"]
[Black "Nicholls, Alistair"]
[Result "0-1"]
[WhiteElo "1984"]
[BlackElo "1850"]

{Al Nicholls produced some nice winning tactics against club president Ross
Jackson} 1. d4 d5 2. c4 e5 3. dxe5 d4 4. Nf3 Nc6 5. a3 a5 6. b3 Bf5 7. Bb2 Bc5
8. g3 Nge7 9. Bg2 Ng6 10. O-O Qd7 11. Qc1 Qe7 12. Rd1 Rd8 13. b4 axb4 14. axb4
Bxb4 15. Nxd4 Nxd4 16. Rxd4 Rxd4 17. Bxd4 O-O {#Diagram} 18. Bxb7 $2 c5 $1
{Whoops} 19. e4 Bh3 20. Bd5 cxd4 21. f4 Qc5 22. Ra2 d3+ 23. Kh1 d2 24. Nxd2 Qf2
25. Qg1 Qe2 {#Diagram A rather piteous final position - note that Black can
choose between winning a second piece or even better winning White's Queen with
Bc5} 0-1

[Event "Club Championships"]
[Site "Wellington Chess Club"]
[Date "2014.11.13"]
[Round "8"]
[White "Meravanage, Satwik"]
[Black "Aumeier, Beate"]
[Result "1/2-1/2"]
[WhiteElo "1238"]
[BlackElo "1228"]

1. e4 e5 2. Nf3 Nc6 3. Bc4 h6 4. Nc3 Nf6 5. d3 Bc5 6. Be3 Bxe3 7. fxe3 d6 8.
O-O Bg4 9. Qe1 a6 10. Qg3 Bh5 11. h3 Bg6 12. Nd5 O-O 13. Nxf6+ gxf6 14. Nh4 Kh7
15. Nf5 Rg8 16. Qh4 Bxf5 17. Rxf5 Ne7 1/2-1/2

[Event "Club Championships"]
[Site "Wellington Chess Club"]
[Date "2014.11.13"]
[Round "8"]
[White "Nijman, Brian"]
[Black "Dive, Russell"]
[Result "0-1"]
[WhiteElo "2180"]
[BlackElo "2440"]

{Russell continues to set the pace - he is now close to mathematically wrapping
up the tournament. One more win will be enough.} 1. d4 Nf6 2. Nc3 d5 3. Bg5 Bf5
4. Bxf6 gxf6 5. e3 e6 6. Nge2 c5 7. Ng3 Bg6 8. Bb5+ Nc6 9. O-O h5 10. e4 a6 11.
Bxc6+ bxc6 12. Re1 {#Diagram} 12... h4 $1 {Black's strategy in this game is to
'creep' up the board, gradually stealing White's space and oxygen. It's rather
aesthetically pleasing - well if you think a python squeezing a goat to death
is aesthetically appealing.} 13. Nf1 Rh5 14. dxc5 Bxc5 15. Qf3 Kf8 16. Rad1 Kg7
17. Na4 Ba7 18. Qc3 Qd6 19. Rd3 Rb8 20. Rf3 Re5 21. exd5 cxd5 22. Rxe5 Qxe5 23.
Qxe5 fxe5 24. b3 Bxc2 25. Rc3 Bg6 26. Rc7 Bd4 27. Nd2 e4 28. Nc5 Rb6 29. Kf1
Be5 30. Rc8 Bxh2 31. Nd7 Rb4 32. Rc6 Rd4 33. Ke1 Bh5 34. Rc2 Bf4 35. Nc5 a5 36.
a4 Bd6 37. Na6 Kf6 38. f3 exf3 39. Nxf3 Rd3 40. Nc5 Bxc5 41. Rxc5 Bxf3 42. gxf3
Rxf3 0-1

[Event "Club Championships"]
[Site "Wellington Chess Club"]
[Date "2014.11.13"]
[Round "8"]
[White "Perry, Roger"]
[Black "Croad, Nicolas"]
[Result "0-1"]
[WhiteElo "2098"]
[BlackElo "2368"]

{Nic Croad took down Roger Perry with some sparkling tactics.} 1. e4 c5 2. c3
d5 3. exd5 Qxd5 4. d4 Nf6 5. Nf3 e6 6. a3 Nc6 7. Be3 cxd4 8. cxd4 Be7 9. Nc3
Qd6 10. Bd3 O-O 11. O-O b6 12. Qe2 Bb7 13. Rad1 Rad8 14. Rfe1 Qb8 15. Bc2 Rfe8
16. Qd3 g6 17. Bb1 Ng4 18. Ba2 Bf6 19. h3 $2 {#Diagram} 19... Nxd4 $1 20. Bxd4
Rxd4 21. Qe2 Bxf3 22. Qxf3 Qh2+ 23. Kf1 Rf4 24. hxg4 Rxf3 25. gxf3 Bxc3 26.
bxc3 h5 27. gxh5 Qxh5 28. Re3 Qb5+ 29. c4 Qb2 30. Bb1 Kg7 31. Kg2 Rh8 32. Be4
Rh2+ $1 0-1

[Event "Club Championships"]
[Site "Wellington Chess Club"]
[Date "2014.11.13"]
[Round "8"]
[White "Phillips, Cameron"]
[Black "Sole, Christopher"]
[Result "0-1"]
[WhiteElo "1192"]
[BlackElo "953"]

1. e4 e5 2. Nf3 Nc6 3. Nc3 Nf6 4. Bb5 Be7 5. Bxc6 bxc6 6. Nxe5 O-O 7. O-O Bb7
8. d4 d5 9. exd5 cxd5 10. Bg5 h6 11. Bxf6 Bxf6 12. Qh5 Bxe5 13. Qxe5 Re8 14.
Qf4 Rb8 15. Rfe1 Bc6 16. Rxe8+ Bxe8 17. b3 c6 18. Re1 Qb6 19. Na4 Qa5 20. g3
Qxe1+ 21. Kg2 Qe4+ 22. Qxe4 dxe4 23. Nc5 f5 24. Na6 Rd8 25. c3 Kf7 26. f3 g5
27. fxe4 fxe4 28. Nc5 e3 29. Kf1 Rd6 30. Ke1 Kg6 31. Ke2 Kf5 32. Kxe3 Kg4 33.
Ne4 Re6 34. Kd3 Bg6 0-1

[Event "Club Championships"]
[Site "Wellington Chess Club"]
[Date "2014.11.13"]
[Round "8"]
[White "Roberts, Michael"]
[Black "Stoeveken, Peter"]
[Result "1/2-1/2"]
[WhiteElo "1761"]
[BlackElo "1856"]

{Notes by Ian Sellen} 1. d4 d5 2. c4 c6 3. Nc3 Bg4 4. cxd5 cxd5 5. h3 Be6 6. g3
h6 7. Bg2 Nf6 8. Nf3 Nc6 9. O-O Qd7 10. Kh2 g5 11. Na4 b6 12. Nc3 Bg7 13. Ne5
Nxe5 14. dxe5 Nh7 15. f4 Rd8 16. Bd2 f6 17. f5 Bxf5 18. Nxd5 e6 19. e4 Bg6 20.
exf6 Bf8 21. f7+ Bxf7 22. Bc3 Rg8 23. Rxf7 Qxf7 24. Qa4+ Qd7 25. Nc7+ Kf7 26.
Rf1+ Kg6 27. Qc4 Rc8 28. Qxe6+ Qxe6 29. Nxe6 Re8 30. Nc7 Re7 {#Diagram} 31. Nd5
( {White had a brilliant win here} 31. e5 $3 h5 (31... Rxc7 32. Be4+ Kg7 33.
e6+ Rxc3 34. Rf7+ Kh8 35. Rxh7#) 32. Be4+ Kg7 33. Nd5 Re6 34. Bf5 Rc6 35. e6+
Rxc3 36. bxc3 Bd6 37. Bxh7 Kxh7 38. Nf6+) 31... Rf7 32. e5 Rxf1 33. Bxf1 Kf7
34. Bd3 Rg7 35. e6+ Kxe6 36. Bxg7 Kxd5 $2 37. Bxh6 $2 (37. Bc3 {and the knight
is trapped} ) 37... Bxh6 38. Bxh7 a5 39. Kg2 b5 40. Kf3 b4 41. Kg4 Bg7 42. b3 (
42. Kxg5 Bxb2 43. Bc2 {looks like a better winning chance} )  (42. h4 $2 gxh4
43. gxh4) 42... Bf6 43. h4 gxh4 44. gxh4 Kd4 45. h5 Kc3 46. Kf4 Bd4 47. Ke4 Bg7
48. Kf5 Kb2 49. Kg6 Bd4 50. h6 Kxa2 51. Bg8 1/2-1/2

[Event "Club Championships"]
[Site "Wellington Chess Club"]
[Date "2014.11.13"]
[Round "8"]
[White "Sellen, Ian"]
[Black "Ker, Anthony"]
[Result "0-1"]
[WhiteElo "2075"]
[BlackElo "2435"]

{Let's kick things off with Ian Sellen v Anthony Ker. Ian joins a long list of
players who have prodded at obvious weak points in Anthony's Pirc repertoire -
successfully in terms of getting an advantage, but ultimately unsuccessfully in
terms of the result of the game. Anthony's resilience in bad positions, is, of
course, the eighth wonder of the world. It should be noted that in a previous
encounter in this line Ian has successfully demolished Anthony's defensive
edifice and scored a famous win with a brilliant rook sac. Maybe that is why
Anthony has switched from his usual 9...Kd7 to the more trendy 9...Kf8 ?} 1. d4
d6 2. e4 Nf6 3. Nc3 g6 4. f4 Bg7 5. Nf3 c5 6. Bb5+ Bd7 7. e5 Ng4 8. e6 Bxb5 9.
exf7+ Kf8 10. Nxb5 Qd7 11. Qe2 Na6 12. Ng5 cxd4 13. Nxd4 Bxd4 14. Ne6+ Kxf7 15.
Nxd4 Nf6 16. O-O Rac8 17. c4 Qg4 18. Nf3 h6 19. Bd2 Nc5 20. Bc3 Qe6 21. Rae1
Rhe8 22. Ne5+ dxe5 23. fxe5 Nd7 {#Diagram} 24. exf6 (24. Qd2 $1 {Is devastating
-It's a computer move but it is also very logical - just maximising the harmony
of the White pieces - Black is hogtied and White has multiple threats. For
example} 24... Qc6 {Black absolutely must get the Queen out off the open e
file} 25. exf6 exf6 26. Rd1 {avoiding exchanges} 26... Ne5 27. Qxh6 Kg8 28.
Bxe5 fxe5 29. Rf3 $1 {And transferring the rook to the h file wins} ) 24...
Qxe2 25. Rxe2 {Now Anthony escapes into an ending where his skill is second to
none in NZ} 25... exf6 26. Rxe8 Rxe8 27. Re1 Ne5 28. b3 Ke6 29. Rd1 Rc8 30. Bb4
Rc6 31. Kf2 a5 32. Bxa5 Ra6 33. Rd5 b6 34. Bc3 Rxa2+ 35. Kg3 Ra3 36. Bxe5 Rxb3+
37. Kf4 fxe5+ 38. Rxe5+ Kd6 39. Re4 Rb2 40. Kf3 Rc2 41. h4 (41. Rg4 $1 {and the
kingside pawns fall} ) 41... Kc5 42. g4 {After this it's one way traffic}  (42.
Re5+ Kxc4 43. Re6 b5 44. Rxg6 b4 45. Rc6+ Kd3 46. Rxh6 {is a bit scary but is
good enough to draw} ) 42... Rc3+ 43. Kf4 $2 {The final mistake - White
absolutely cannot allow Black an extra passed pawn AND a forced rook exchange.}
43... Rxc4 44. g5 hxg5+ 45. hxg5 b5 0-1

[Event "Club Championships"]
[Site "Wellington Chess Club"]
[Date "2014.11.13"]
[Round "8"]
[White "Stracy, Don"]
[Black "Farrington, Lawrence"]
[Result "0-1"]
[WhiteElo "1855"]
[BlackElo "1852"]

1. e4 e5 2. Nf3 Nf6 3. d4 Nxe4 4. Bd3 d5 5. Nxe5 Nd7 6. Nxd7 Bxd7 7. O-O Be7 8.
c4 Nf6 9. Nc3 c6 10. cxd5 cxd5 11. Bf4 O-O 12. Rc1 a6 13. Re1 Bc6 14. a3 Bd6
15. Be5 Re8 16. Qd2 Ne4 17. Qf4 Bxe5 18. dxe5 Nxc3 19. Rxc3 g6 20. Rcc1 Rc8 21.
b4 Qe7 22. Re2 Kg7 23. Rce1 Bd7 24. Qd4 Be6 25. f4 Kg8 26. Rc2 Rxc2 27. Bxc2
Rc8 28. Bb3 Qc7 29. Bxd5 Rd8 30. Qe3 Rxd5 31. Rc1 Qd7 32. h3 Rd1+ 33. Rxd1
Qxd1+ 34. Kh2 Qd7 35. Qc5 Bd5 36. Kg3 Bc6 37. Qe3 Qd5 38. Qf2 Qd3+ 39. Kh4 Qe4
40. g3 h6 41. g4 Kg7 42. Kg3 g5 43. fxg5 Qxe5+ 44. Qf4 Qxf4+ 45. Kxf4 Bg2 46.
gxh6+ Kxh6 47. h4 f6 48. Kf5 Kg7 49. g5 fxg5 50. Kxg5 Kh7 51. h5 Bc6 52. h6 Bb5
53. Kh5 Be2+ 54. Kg5 Bd1 55. Kf6 Kxh6 56. Ke5 Kg5 57. Kd6 Bf3 58. Kc5 Kf4 59.
Kb6 Ke5 60. b5 axb5 61. Kxb5 Kd6 62. Kb4 Kc6 63. Kb3 Kb5 64. Kc3 Ka4 65. Kb2
Bd5 66. Kc3 Kxa3 67. Kd4 Bg2 68. Kc5 Ka4 69. Kc4 b5+ 70. Kc3 Ka3 71. Kc2 Ka2
72. Kc3 Ka3 73. Kc2 Be4+ 74. Kc3 b4+ 75. Kd2 Ka2 76. Ke3 b3 0-1

[Event "Club Championships"]
[Site "Wellington Chess Club"]
[Date "2014.11.13"]
[Round "8"]
[White "Timergazi, Layla"]
[Black "Nyberg, Michael"]
[Result "1-0"]
[WhiteElo "2071"]
[BlackElo "2081"]

{Layla tortured Borg for the longest time, finally euthanising him for good
close to midnight.} 1. e4 e6 2. d4 d5 3. Nc3 Nf6 4. Bg5 Be7 5. e5 Nfd7 6. Bxe7
Qxe7 7. f4 a6 8. Bd3 c5 9. Qg4 f5 10. Qg3 cxd4 11. Nce2 Qb4+ 12. Kf2 O-O 13.
Nf3 Nc6 14. Qh3 Nc5 15. a3 Qb6 16. g4 Ne4+ 17. Kg2 Bd7 18. g5 Be8 19. Ng3 Bg6
20. b3 Rac8 21. Ne1 Ne7 22. Ne2 Nc6 23. Qf3 Nc5 24. h4 Ne4 25. h5 Be8 26. Qh3
Qa5 27. Nf3 Qc5 28. Rhc1 Nc3 29. Ng3 Ne4 30. Ne2 b5 31. h6 g6 {#Diagram Black
has been on top for some time - it is now clear that White can't make progress
on the kingside and Black owns the queenside right?} 32. Qh1 Nc3 {Up until now
Black has acted a bit like the rich man who doesn't know what to do with his
money - he just likes rolling around in a big pile of banknotes. Mike has a
beautiful knight on e4 - but what can it do? He keeps moving it away and then
back, without achieving anything.} 33. Qg1 Nxe2 {Running out of patience, Mike
exchanges the super knight} 34. Bxe2 a5 35. c3 $1 {Restoring material equality
- watch how White steals the queenside in broad daylight.} 35... Qb6 36. Nxd4
Na7 $1 {Allowing a simple winning tactic} 37. Nxe6 $1 Qxe6 38. Qxa7 Rf7 39.
Qxa5 Bc6 40. Bf3 Ra8 41. Qb4 Rfa7 42. Rd1 Rd7 43. Qd4 Qe7 44. b4 Rc8 45. Rd2
Bb7 46. Be2 Rdc7 47. Rc2 Bc6 {#Diagram Alan Aldridge whispered to me during the
game that for long periods White had a simple tactic to win even more pawns}
48. Bd3 (48. Bxb5 {!} ) 48... Ra8 49. Kh2 Rca7 50. Rca2 Ra4 51. Bc2 R4a7 52.
Bb3 Qe6 53. Qd1 Rc7 54. Rd2 Rd8 55. Rd3 Rcd7 56. Rd4 Bb7 57. a4 Qc6 58. Qd3 Kf8
59. axb5 Qb6 60. Rd1 Qa7 61. Rd2 Qa1 62. Rd1 Qa7 63. Qc2 Qb6 64. Qe2 Qe6 65.
Qd3 Qb6 66. Qe2 Qe6 67. Qd3 Qb6 68. Ra1 Ra8 69. Rxa8+ Bxa8 70. Qd2 Qxb5 71. c4
Qb6 72. cxd5 {#Diagram After an extended period of dithering, White finally
gets on with the job of wrapping things up.} 72... Qa7 73. e6 $1 {I must admit
that as a spectator I thought this was a little anti-positional - I missed the
main idea - it opens the long Black diagonal} 73... Rd6 74. Qc3 Qb7 75. Rc4 Rd8
76. Qh8+ Ke7 77. Qg7+ Kd6 78. Rc6+ 1-0

[Event "Club Championships"]
[Site "Wellington Chess Club"]
[Date "2014.11.13"]
[Round "8"]
[White "Wilkins, Mark"]
[Black "Aldridge, Alan"]
[Result "1/2-1/2"]
[WhiteElo "1886"]
[BlackElo "1951"]

1. d4 Nf6 2. Bg5 c5 3. d5 d6 4. c4 g6 5. Nc3 Bg7 6. Nf3 O-O 7. e4 Nbd7 8. Bd3
Ng4 9. O-O Nge5 10. Kh1 Nxf3 11. Qxf3 Ne5 12. Qe2 Nxd3 13. Qxd3 f5 14. Qd2 Rf7
15. Rae1 a6 16. f4 fxe4 17. Nxe4 b5 18. b3 bxc4 19. bxc4 Rb8 20. Rb1 Bf5 21.
Rxb8 Qxb8 22. Ng3 Qb4 23. Qxb4 cxb4 24. Nxf5 gxf5 25. Re1 Kf8 26. Rb1 a5 27. a3
Bc3 28. axb4 Bxb4 29. Kg1 Ke8 30. Kf2 Kd7 31. Ke2 h6 32. Bh4 Rg7 33. Bg3 Rg8
34. Rb3 Rc8 35. Kd3 e6 36. dxe6+ Kxe6 37. Bf2 d5 38. cxd5+ Kxd5 39. Be3 h5 40.
Bd2 Bxd2 41. Kxd2 Rc4 42. g3 a4 43. Rb5+ Ke4 44. Re5+ Kf3 45. Rxf5 h4 46. Rg5
hxg3 47. hxg3 a3 48. Ra5 Kxg3 49. f5 Kg4 1/2-1/2

[Event "Club Championships"]
[Site "Wellington Chess Club"]
[Date "2014.11.14"]
[Round "8"]
[White "Sole, Michael"]
[Black "Cunningham, Patrick"]
[Result "1/2-1/2"]
[WhiteElo "1746"]
[BlackElo "1734"]

{An interesting ending saw Pat Cunningham escaping with a draw after an unsound
piece sac.} 1. e4 e5 2. Nf3 Nc6 3. Bb5 a6 4. Ba4 Nf6 5. d3 Bc5 6. O-O O-O 7.
Re1 d6 8. Nbd2 Bg4 9. c3 Ne7 10. Nf1 Ng6 11. h3 Be6 12. d4 Ba7 13. Ng3 b5 14.
Bc2 Qc8 15. Bg5 Ne8 16. Bb3 h6 17. Be3 Bxh3 18. gxh3 Qxh3 19. dxe5 Bxe3 20.
Rxe3 Nxe5 21. Nxe5 dxe5 22. Qf1 Qg4 23. Qg2 Nf6 24. Nf5 Qxg2+ 25. Kxg2 Nh5 26.
Rh1 Nf4+ 27. Kf1 Rad8 28. Ne7+ Kh7 29. Nd5 c6 30. Nxf4 exf4 31. Re2 g5 32. f3
Kg7 33. Bc2 Rd6 34. Rhh2 Rfd8 35. Ke1 c5 36. Rd2 c4 37. Rxd6 Rxd6 38. Rd2 Rxd2
39. Kxd2 h5 40. Ke2 g4 41. fxg4 hxg4 42. Kf2 Kh6 43. Bd1 Kg5 44. Be2 Kh4 45.
Bf1 f6 46. a4 Kg5 47. axb5 axb5 48. Bg2 Kg6 49. e5 fxe5 50. Bc6 g3+ 51. Kg2 Kf6
52. Bxb5 e4 53. Bxc4 e3 54. Kf3 Ke5 55. Bf1 Kd6 56. b4 Kd5 {#Diagram} 57. b5 $2
{Missing his chance}  (57. Kxf4 $3 e2 58. Bxe2 g2 59. Bf3+ {Check! From now on
Black makes sure his king only goes to black squares} ) 57... Kc5 $1 {A
surprising draw - the engine gives White a big plus but cannot make progress.}
58. Be2 Kb6 59. Bd3 Kc5 60. Be2 Kb6 1/2-1/2

[Event "Club Championships"]
[Site "Wellington Chess Club"]
[Date "2014.11.20"]
[Round "9"]
[White "Aldridge, Alan"]
[Black "Brockway, Andrew"]
[Result "0-1"]
[WhiteElo "1955"]
[BlackElo "1784"]

{fa} 1. d4 Nf6 2. Nf3 e6 3. c4 Bb4+ 4. Bd2 Qe7 5. Qc2 Bxd2+ 6. Nbxd2 Nc6 7. e3
d6 8. Bd3 O-O 9. a3 e5 10. O-O Bg4 11. d5 Nb8 12. b4 c6 13. e4 Nh5 14. g3 Bxf3
15. Nxf3 f5 16. exf5 Nf6 17. dxc6 bxc6 18. Rfe1 Nbd7 19. Nd4 Rac8 20. Rad1 d5
21. f3 Rfe8 22. Qg2 Nf8 23. b5 Qc5 24. Qa2 Qxd4+ 25. Kg2 Qb6 26. bxc6 Qxc6 27.
cxd5 Qd6 28. Re2 Kh8 29. Bb5 Re7 30. Red2 Rc3 31. a4 Rec7 32. Bc6 N8d7 33. Qb1
Nb6 34. a5 Nbd7 35. Qb5 Rc5 36. Qa4 Nb8 37. Be8 Rc4 38. Qb3 Rb4 0-1

[Event "Club Championships"]
[Site "Wellington Chess Club"]
[Date "2014.11.20"]
[Round "9"]
[White "Croad, Nicolas"]
[Black "Sellen, Ian"]
[Result "1-0"]
[WhiteElo "2368"]
[BlackElo "2075"]

1. d4 d5 2. c4 e6 3. Nc3 Nf6 4. Bg5 Be7 5. cxd5 exd5 6. Qc2 O-O 7. e3 c6 8. Bd3
Nbd7 9. Nf3 Re8 10. O-O Nf8 11. Rab1 Bg4 12. Nd2 Bh5 13. h3 Bg6 14. b4 Rc8 15.
Rfc1 Bxd3 16. Qxd3 Ne4 17. Bxe7 Qxe7 18. Ncxe4 dxe4 19. Qe2 Nd7 20. Nf1 Nb6 21.
Ng3 g6 22. a3 Qe6 23. b5 Nd5 24. bxc6 Rxc6 25. Rxc6 Qxc6 26. Qb2 b6 27. Qb3 Kg7
28. Ne2 Qe6 29. Rc1 Re7 30. Qa4 Qd7 31. Qa6 Qb7 32. Qb5 Qd7 33. Qa6 Qb7 34. Qb5
Qd7 35. Qb3 Qe6 36. Ng3 f5 37. Ne2 Nf4 38. Qxe6 Nxe6 39. Rc8 Rd7 40. g4 Ng5 41.
Kg2 fxg4 42. hxg4 Kf7 43. Ng3 Ke6 44. Nf1 Re7 45. Nd2 Kd7 46. Ra8 Kc6 47. a4
Nf7 48. Kg3 Nd6 49. Rf8 a6 50. f4 exf3 51. Kxf3 b5 52. axb5+ Nxb5 53. Rf6+ Nd6
54. Nc4 Rf7 55. Ne5+ 1-0

[Event "Club Championships"]
[Site "Wellington Chess Club"]
[Date "2014.11.20"]
[Round "9"]
[White "Dive, Russell"]
[Black "Timergazi, Layla"]
[Result "1-0"]
[WhiteElo "2440"]
[BlackElo "2071"]

1. Nf3 Nf6 2. d4 d5 3. g3 g6 4. Bg2 Bg7 5. O-O O-O 6. c4 c6 7. b3 Nbd7 8. Bb2
Nb6 9. Nbd2 Bf5 10. Rc1 Ne4 11. e3 Bg4 12. h3 Nxd2 13. Qxd2 Bf5 14. Ne1 a5 15.
Nd3 Bxd3 16. Qxd3 a4 17. e4 dxe4 18. Qxe4 axb3 19. axb3 Ra2 20. Bc3 Qc7 21. Qe3
Rfa8 22. Rfe1 Bf6 23. d5 cxd5 24. Bxf6 exf6 25. c5 Nd7 26. Bxd5 Ne5 27. b4 R8a3
28. Rc3 Rxc3 29. Qxc3 Ra8 30. f4 Rd8 31. fxe5 Rxd5 32. exf6 h5 33. Re8+ Kh7 34.
Qe3 Qd7 35. Rh8+ 1-0

[Event "Club Championships"]
[Site "Wellington Chess Club"]
[Date "2014.11.20"]
[Round "9"]
[White "Farrington, Lawrence"]
[Black "Jackson, Ross"]
[Result "1/2-1/2"]
[WhiteElo "1852"]
[BlackElo "1984"]

1. e4 d6 2. d4 Nf6 3. Nc3 g6 4. g3 Bg7 5. Bg2 O-O 6. Nge2 c5 7. dxc5 dxc5 8.
Qxd8 Rxd8 9. O-O Na6 10. a3 e6 11. h3 Ne8 12. Be3 Bd7 13. e5 Rab8 14. f4 f6 15.
exf6 Nxf6 16. Rad1 b6 17. Rd2 Be8 18. Rfd1 Rxd2 19. Rxd2 Bf7 20. Bf2 Nc7 21.
Nd1 Kf8 22. c3 Ke7 23. Ne3 Nfd5 24. Nc4 Rd8 25. Nc1 Nf6 26. Rxd8 Kxd8 27. Ne5
Be8 28. Nc6+ Bxc6 29. Bxc6 Nfd5 30. Ba4 b5 31. Bd1 b4 32. axb4 cxb4 33. Bxa7
bxc3 34. bxc3 Nxc3 35. Bg4 N3b5 36. Bb6 Bd4+ 37. Bxd4 Nxd4 {Draw agreed}
1/2-1/2